Regiment of women; (Record no. 196903)
[ view plain ]
| 000 -LEADER | |
|---|---|
| fixed length control field | 00696cam0a220024100 4500 |
| 001 - CONTROL NUMBER | |
| control field | lce00787885 |
| 008 - FIXED-LENGTH DATA ELEMENTS--GENERAL INFORMATION | |
| fixed length control field | 730522s1973 nyu 000 1 eng |
| 010 ## - LIBRARY OF CONGRESS CONTROL NUMBER | |
| LC control number | 72093503 //r86 |
| 020 ## - INTERNATIONAL STANDARD BOOK NUMBER | |
| International Standard Book Number | 0671214926 |
| 020 ## - INTERNATIONAL STANDARD BOOK NUMBER | |
| Terms of availability | |
| Field link and sequence number | .95 |
| 035 ## - SYSTEM CONTROL NUMBER | |
| System control number | (Sirsi) r46318 |
| 035 ## - SYSTEM CONTROL NUMBER | |
| System control number | (DLC) 72093503 //r86 |
| 035 ## - SYSTEM CONTROL NUMBER | |
| System control number | (UPRA)lce00787885 |
| 050 0# - LIBRARY OF CONGRESS CALL NUMBER | |
| Classification number | PZ4.B497 |
| Item number | Rc |
| 051 ## - LIBRARY OF CONGRESS COPY, ISSUE, OFFPRINT STATEMENT | |
| Classification number | PS3552.E719 |
| Item number | R36 1973 |
| Copy information | Copy 3. |
| 082 ## - DEWEY DECIMAL CLASSIFICATION NUMBER | |
| Classification number | 813/.5/4 |
| 100 1# - MAIN ENTRY--PERSONAL NAME | |
| Personal name | Berger, Thomas, 1924- |
| Dates associated with a name | Berger, Thomas, 1924- |
| Linkage | A4198.1 |
| 245 10 - TITLE STATEMENT | |
| Title | Regiment of women; |
| Remainder of title | a novel. |
| 260 ## - PUBLICATION, DISTRIBUTION, ETC. | |
| Place of publication, distribution, etc. | New York, |
| Name of publisher, distributor, etc. | Simon and Schuster |
| Date of publication, distribution, etc. | [1973] |
| 949 ## - LOCAL PROCESSING INFORMATION (OCLC) | |
| a | PZ4.B497 |
| w | lcc |
| i | -57781 |
| m | MAIN |
| t | BOOK |
| l | ON-SHELF |
| 987 ## - LOCAL ROMANIZATION/CONVERSION HISTORY (OCLC) | |
| Romanization/conversion identifier | WITHDRAWN. |
No items available.